00442cam a22001692 4500001001100000005001700011008004100028020001500069040001500084100003000099245005000129250001300179260003400192300001100226700003200237852000300269000002077120151217160130.0111013s xx 000 0 eng d a0521779022 aKABUcKABU1 aDyer, Dorthy.@000018132410aRadio days /cDorothy Dyer and Lerato Lenake. a1st ed. aCambridge :bC. U. P.,c1999. a32 p.1 aLenake, Lerato.@00001813251